Dynamika vývoja kriminality a drogovej závislosti v okresoch Slovenska

Celospoločenské podmienky vývoja kriminality a drogovej závislosti na Slovensku po roku 1989. Regionálna diferenciácia kriminality. Dynamika vývoja kriminality v okresoch SR. Regionálna diferenciácia drogovej závislosti. Dynamika vývoja drogovej závislosti v okresoch Slovenska.

Salvato in:
Dettagli Bibliografici
Autore principale: Michálek, Anton
Natura: Capitolo di libro
Lingua:slovacco
Soggetti:
Tags: Aggiungi Tag
Nessun Tag, puoi essere il primo ad aggiungerne!!

MARC

LEADER 00000naa$a2200000$$$4500
001 0082481
005 20231107113546.5
041 0 |a slo 
044 |a SK 
245 1 0 |a Dynamika vývoja kriminality a drogovej závislosti v okresoch Slovenska  |c Anton Michálek 
520 |a Celospoločenské podmienky vývoja kriminality a drogovej závislosti na Slovensku po roku 1989. Regionálna diferenciácia kriminality. Dynamika vývoja kriminality v okresoch SR. Regionálna diferenciácia drogovej závislosti. Dynamika vývoja drogovej závislosti v okresoch Slovenska. 
610 2 0 |a kriminalita 
610 2 0 |a drogy 
610 2 0 |a regióny 
610 2 0 |a okresy 
610 2 0 |a Slovensko 
100 1 |a Michálek, Anton